Salvation for All : (Record no. 603955)

MARC details
000 -LEADER
fixed length control field 00518nam a2200193 a 4500
008 - FIXED-LENGTH DATA ELEMENTS--GENERAL INFORMATION
fixed length control field 251218s2008##################000#0#eng##
020 ## - INTERNATIONAL STANDARD BOOK NUMBER
ISBN 9780199238903
082 04 - DEWEY DECIMAL CLASSIFICATION NUMBER
Classification number 234
Item number COL
100 1# - MAIN ENTRY--AUTHOR NAME
Personal name O'Collins, Gerald,
245 10 - TITLE STATEMENT
Title Salvation for All :
260 ## - PUBLICATION, DISTRIBUTION, ETC. (IMPRINT)
Name of publisher Oxford University Press, USA,
Year of publication 2008.
300 ## - PHYSICAL DESCRIPTION
Number of Pages 292 pages
650 #0 - SUBJECT ADDED ENTRY--TOPICAL TERM
Topical Term Language Arts & Disciplines.
942 ## - ADDED ENTRY ELEMENTS (KOHA)
Koha item type English Books
Holdings
Withdrawn status Lost status Damaged status Not for loan Home library Current library Shelving location Date acquired Full call number Accession Number Price effective from Koha item type
        Anna Centenary Library Anna Centenary Library 3RD FLOOR, B WING 22.12.2025 234 COL 259792 22.12.2025 English Books

Find us on the map